000 01424nam a2200217Ia 4500
003 Ost
005 20260507075009.0
008 260507s9999||||xx |||||||||||||| ||und||
040 _cfsecg
041 _aara
082 _a336.2
100 _aعثمان، سعيد عبد العزيز
_eمؤلف
245 0 _aالنظام الضريبي و أهداف المجتمع :
_bمدخل تحليلي معاصر /
_c سعيد عبد العزيز عثمان
260 _aالاسكندرية:
_bالدار الجامعية,
_c2008
300 _a356 صفحة؛
_bإيضاحات ؛
_c24 سم
520 _aيحتوي الكتاب على المحاور التالية: مفهوم النظام الضريبي، محددات النظام الضريبي،النظام الضريبي و فجوتي الموارد المحلية و التجارة الخارجية،ضرائب الدخل و النمو الإقتصادي،الضرائب الجمركية و النمو الإقتصادي،الحوافز الضريبية و النمو الإقتصادي، النظام الضريبي و الإستقرار الإقتصادي، النظام الضريبي و العدالة الإجتماعية،النظام الضريبي و التلوث البيئي، النظام الضريبي الأمريكي.
653 _aالتجارة الخارجية
653 _aالضرائب
653 _aالضرائب -ادارة
942 _cكتاب
999 _c42141
_d42141